[Event "Regionalliga Nord-Ost 1718"]
[Site "Bayern"]
[Date "2017.11.26"]
[Round "3.3"]
[White "Fuchs, Gerhard"]
[Black "Moroz, Grigorij"]
[Result "1/2-1/2"]
[WhiteElo "2051"]
[BlackElo "1907"]
[PlyCount "111"]
[EventDate "2017.10.22"]
[EventType "team-tourn"]
[EventRounds "9"]
[EventCountry "GER"]
[SourceTitle "EXT 2022"]
[Source "ChessBase"]
[SourceDate "2021.10.06"]
[SourceVersion "1"]
[SourceVersionDate "2021.10.06"]
[SourceQuality "1"]
[WhiteTeam "Nuernberg SK 1911"]
[BlackTeam "Weiden"]
[WhiteTeamCountry "GER"]
[BlackTeamCountry "GER"]

1. d4 Nf6 2. Bf4 d6 3. e3 g6 4. Nf3 Bg7 5. Be2 Nbd7 6. 0-0 0-0 7. c4 c6 8. Nc3 Re8 9. h3 b6 10. e4 c5 11. d5 Qc7 12. Bh2 a6 13. a4 Rf8 14. Nd2 Ne8 15. f4 Bd4+ 16. Kh1 Ng7 17. Nf3 Bxc3 18. bxc3 f6 19. Qd3 Bb7 20. Rfe1 Rad8 21. Bd1 e5 22. fxe5 dxe5 23. Bc2 Ne8 24. Qe2 Nd6 25. g4 g5 26. h4 h6 27. Kg2 Rde8 28. Bg3 Kg7 29. Rh1 Rh8 30. Nd2 Qd8 31. Nf1 Nf8 32. h5 Nd7 33. Ne3 Rhf8 34. Rhb1 a5 35. Bd3 Ba6 36. Rf1 Rf7 37. Rf3 Bc8 38. Raf1 Ref8 39. Be1 Qe7 40. Bd2 Nb8 41. Kg3 Qd8 42. Qf2 Bd7 43. Ra1 Bc8 44. Nf5+ Bxf5 45. Rxf5 Qc8 46. Rf3 Qd8 47. Be3 Nd7 48. Rb1 Qc7 49. Kg2 Rb8 50. Qd2 Qd8 51. Bf2 Qc7 52. Bg3 Rbf8 53. Kh3 Qd8 54. Rbf1 Qe8 55. Qh2 Qe7 56. R3f2 1/2-1/2

[Event "Regionalliga Nord-Ost 1718"]
[Site "Bayern"]
[Date "2017.10.22"]
[Round "1.3"]
[White "Bloederl, Alfred"]
[Black "Moroz, Grigorij"]
[Result "1-0"]
[WhiteElo "1964"]
[BlackElo "1907"]
[PlyCount "115"]
[EventDate "2017.10.22"]
[EventType "team-tourn"]
[EventRounds "9"]
[EventCountry "GER"]
[SourceTitle "EXT 2022"]
[Source "ChessBase"]
[SourceDate "2021.10.06"]
[SourceVersion "1"]
[SourceVersionDate "2021.10.06"]
[SourceQuality "1"]
[WhiteTeam "Windischeschenbach"]
[BlackTeam "Weiden"]
[WhiteTeamCountry "GER"]
[BlackTeamCountry "GER"]

1. d4 Nf6 2. c4 e6 3. Nc3 Bb4 4. e3 d5 5. Bd3 c5 6. a3 Bxc3+ 7. bxc3 0-0 8. Nf3 dxc4 9. Bxc4 Nc6 10. 0-0 b6 11. Bb2 Bb7 12. Qe2 Na5 13. Bd3 Be4 14. Ne5 Bxd3 15. Qxd3 Qc7 16. c4 Rfd8 17. Rfd1 Rac8 18. Rac1 Nc6 19. Nxc6 Qxc6 20. d5 exd5 21. Bxf6 Qxf6 22. cxd5 Rd6 23. e4 Re8 24. f3 Re5 25. Qa6 Qe7 26. Qc8+ Rd8 27. Qc6 Qd7 28. Qxd7 Rxd7 29. Rc4 f5 30. Kf2 Kf7 31. Ke3 Ke7 32. g4 g6 33. gxf5 gxf5 34. a4 Kd6 35. Rg1 Rf7 36. Rg8 fxe4 37. fxe4 Rh5 38. Re8 Rh3+ 39. Ke2 Rxh2+ 40. Ke3 Rh3+ 41. Ke2 Re7 42. Rf8 Rb3 43. Rf6+ Kd7 44. Rf5 a6 45. e5 a5 46. Re4 Rb4 47. Kd3 Rxe4 48. Kxe4 Rg7 49. Rf6 Rg4+ 50. Kf5 Rxa4 51. Rf7+ Ke8 52. Ke6 Rh4 53. Re7+ Kd8 54. d6 Rh6+ 55. Kd5 a4 56. e6 a3 57. Ra7 Kc8 58. e7 1-0

[Event "Oberpfalz-ch M1"]
[Site "Windischeschenbach"]
[Date "2017.04.10"]
[Round "5"]
[White "Uphoff, Lennart"]
[Black "Moroz, Grigorij"]
[Result "1-0"]
[WhiteElo "2014"]
[BlackElo "2031"]
[PlyCount "79"]
[EventDate "2017.04.08"]
[EventType "swiss"]
[EventRounds "8"]
[EventCountry "GER"]
[SourceTitle "EXT 2020"]
[Source "ChessBase"]
[SourceDate "2019.10.17"]
[SourceVersion "1"]
[SourceVersionDate "2019.10.17"]
[SourceQuality "1"]

1. d4 Nf6 2. c4 e6 3. Nc3 d5 4. cxd5 exd5 5. Bg5 Be7 6. e3 c6 7. Bd3 Nbd7 8. Qc2 0-0 9. Nge2 Re8 10. 0-0 Nf8 11. f3 h6 12. Bh4 Ne6 13. Rad1 b5 14. Kh1 Qb6 15. Bf2 a6 16. e4 Bb7 17. e5 Nd7 18. f4 c5 19. f5 Nxd4 20. Nxd4 cxd4 21. f6 Bc5 22. Bh7+ Kh8 23. fxg7+ Kxg7 24. b4 d3 25. Rxd3 Bxf2 26. Rxf2 Nxe5 27. Rg3+ Kh8 28. h3 Rac8 29. Qf5 Qe6 30. Qb1 Rc7 31. Kh2 Qd6 32. Ne2 Rce7 33. Nd4 Bc8 34. Bf5 Qb6 35. Qd1 Bxf5 36. Rxf5 Rg8 37. Rxg8+ Kxg8 38. Qd2 Qg6 39. Qf4 Kg7 40. Rxe5 1-0

[Event "Oberpfalz-ch M1"]
[Site "Schwandorf"]
[Date "2015.03.30"]
[Round "5"]
[White "Ott, Ian"]
[Black "Moroz, Grigorij"]
[Result "1/2-1/2"]
[WhiteElo "1851"]
[BlackElo "2068"]
[PlyCount "63"]
[EventDate "2015.03.28"]
[EventType "swiss"]
[EventRounds "8"]
[EventCountry "GER"]
[SourceTitle "EXT 2022"]
[Source "ChessBase"]
[SourceDate "2021.10.06"]
[SourceVersion "1"]
[SourceVersionDate "2021.10.06"]
[SourceQuality "1"]

1. d4 d5 2. c4 e6 3. Nf3 Nf6 4. Bg5 Be7 5. e3 Ne4 6. Bxe7 Qxe7 7. a3 0-0 8. Bd3 f5 9. Nbd2 Nd7 10. 0-0 c6 11. Qc2 Qf6 12. b4 g5 13. Qb2 g4 14. Ne1 Qg5 15. g3 Rf6 16. Ng2 Rh6 17. Nf4 Nf8 18. f3 Nxd2 19. Qxd2 gxf3 20. Rxf3 Bd7 21. a4 Be8 22. a5 Bh5 23. Rf2 Re8 24. Raf1 Nd7 25. cxd5 cxd5 26. Bb5 Re7 27. Qc3 Nf6 28. Qc8+ Kf7 29. Rc2 Ne4 30. Rg2 Nd6 31. Qc5 Ne4 32. Qc8 1/2-1/2

[Event "Oberpfalz-ch M1"]
[Site "Sinzing"]
[Date "2014.04.14"]
[Round "6"]
[White "Moroz, Grigorij"]
[Black "Oberhofer, Cedric"]
[Result "1-0"]
[WhiteElo "2061"]
[BlackElo "1974"]
[PlyCount "36"]
[EventDate "2014.04.12"]
[EventType "swiss"]
[EventRounds "8"]
[EventCountry "GER"]
[SourceTitle "EXT 2022"]
[Source "ChessBase"]
[SourceDate "2021.10.06"]
[SourceVersion "1"]
[SourceVersionDate "2021.10.06"]
[SourceQuality "1"]

1. e4 c5 2. c4 Nc6 3. Nc3 g6 4. d3 Bg7 5. g3 d6 6. Bg2 Nf6 7. Nge2 0-0 8. 0-0 Rb8 9. h3 a6 10. a4 Bd7 11. Be3 Qc7 12. Rb1 Rfc8 13. b3 Nb4 14. d4 cxd4 15. Nxd4 Nc6 16. Rc1 Qa5 17. Nde2 Nb4 18. Qd2 Bc6 1-0

[Event "Oberpfalz-ch M1"]
[Site "Burglengenfeld"]
[Date "2012.04.03"]
[Round "7"]
[White "Wiesgickl, Gerhard"]
[Black "Moroz, Grigorij"]
[Result "0-1"]
[WhiteElo "2011"]
[BlackElo "2063"]
[PlyCount "80"]
[EventDate "2012.03.31"]
[EventType "swiss"]
[EventRounds "8"]
[EventCountry "GER"]
[SourceTitle "EXT 2022"]
[Source "ChessBase"]
[SourceDate "2021.10.06"]
[SourceVersion "1"]
[SourceVersionDate "2021.10.06"]
[SourceQuality "1"]

1. Nf3 Nf6 2. b3 g6 3. Bb2 Bg7 4. d4 0-0 5. e3 d6 6. Bd3 Nbd7 7. c4 c6 8. 0-0 Re8 9. Qc2 Qc7 10. Nbd2 e5 11. Ng5 d5 12. f4 exd4 13. exd4 Nf8 14. g3 Ne6 15. Nxe6 Bxe6 16. f5 Bd7 17. fxg6 hxg6 18. Nf3 Bh3 19. Rfe1 Qd7 20. Ne5 Qd8 21. Qf2 Be6 22. Rf1 Re7 23. Ba3 Rc7 24. c5 Ng4 25. Nxg4 Bxg4 26. Qf4 Bh3 27. Rf2 Qd7 28. Re1 Rcc8 29. Rfe2 Re8 30. Bb2 a6 31. Bc3 Rxe2 32. Rxe2 Re8 33. Qf2 Re6 34. Rxe6 Qxe6 35. Qf4 Bf6 36. Kf2 Qe7 37. b4 Bg5 38. Qf3 Qe6 39. a4 Bg4 40. Qg2 Qe3+ 0-1

[Event "Regionalliga NO 1011"]
[Site "Bayern"]
[Date "2010.11.14"]
[Round "3.7"]
[White "Moroz, Grigorij"]
[Black "Bloederl, Alfred"]
[Result "1/2-1/2"]
[WhiteElo "1978"]
[BlackElo "1998"]
[PlyCount "81"]
[EventDate "2010.10.10"]
[EventType "team-tourn"]
[EventRounds "9"]
[EventCountry "GER"]
[SourceTitle "EXT 2012"]
[Source "ChessBase"]
[SourceDate "2011.11.24"]
[SourceVersion "1"]
[SourceVersionDate "2011.11.24"]
[SourceQuality "1"]
[WhiteTeam "Weiden"]
[BlackTeam "Windischeschenbach"]
[WhiteTeamCountry "GER"]
[BlackTeamCountry "GER"]

1. e4 c5 2. Nf3 d6 3. d4 cxd4 4. Nxd4 Nf6 5. Nc3 Nc6 6. Be2 e5 7. Nb3 Be7 8. 0-0 0-0 9. Be3 a5 10. a4 Nb4 11. f4 exf4 12. Rxf4 Be6 13. Nd4 Rc8 14. Nxe6 fxe6 15. Qd2 Qc7 16. Rc1 d5 17. Nb5 Qe5 18. c3 Nc6 19. exd5 Nxd5 20. Rxf8+ Rxf8 21. Bd4 Nxd4 22. cxd4 Qg5 23. Qxg5 Bxg5 24. Rf1 Be3+ 25. Kh1 Nb4 26. Rxf8+ Kxf8 27. Bc4 Ke7 28. g4 b6 29. h3 Nc6 30. d5 exd5 31. Bxd5 Ne5 32. b3 Nd3 33. Bc4 Ne5 34. Bd5 Nd3 35. Kh2 Kf6 36. Kg3 Ke5 37. Bg8 Nc5 38. Kf3 Bg5 39. Nc7 Kd4 40. Ne6+ Nxe6 41. Bxe6 1/2-1/2

[Event "Regionalliga NO 1011"]
[Site "Bayern"]
[Date "2010.10.24"]
[Round "2.6"]
[White "Moroz, Grigorij"]
[Black "Vielsaecker, Dirk"]
[Result "0-1"]
[WhiteElo "1978"]
[BlackElo "1886"]
[PlyCount "78"]
[EventDate "2010.10.10"]
[EventType "team-tourn"]
[EventRounds "9"]
[EventCountry "GER"]
[SourceTitle "EXT 2012"]
[Source "ChessBase"]
[SourceDate "2011.11.24"]
[SourceVersion "1"]
[SourceVersionDate "2011.11.24"]
[SourceQuality "1"]
[WhiteTeam "Weiden"]
[BlackTeam "Lauf"]
[WhiteTeamCountry "GER"]
[BlackTeamCountry "GER"]

1. e4 e6 2. d4 d5 3. Nd2 Nf6 4. e5 Nfd7 5. Bd3 c5 6. c3 Nc6 7. Ne2 cxd4 8. cxd4 f6 9. exf6 Nxf6 10. 0-0 Bd6 11. Nf3 0-0 12. Nc3 a6 13. a3 Bd7 14. Re1 Qc7 15. h3 e5 16. dxe5 Nxe5 17. Be2 Bc6 18. Bg5 Ne4 19. Nxd5 Qf7 20. Bh4 Bxd5 21. Nxe5 Bxe5 22. Bf3 Bxb2 23. Rxe4 Bxa1 24. Bh5 Qf5 25. Re7 Bf7 26. Bxf7+ Rxf7 27. Qxa1 Rxe7 28. Bxe7 Re8 29. Qa2+ Qf7 30. Qxf7+ Kxf7 31. Bb4 b6 32. f3 a5 33. Bd6 Re6 34. Bc7 Rc6 35. Be5 b5 36. Kf2 b4 37. axb4 axb4 38. Bd4 Rc2+ 39. Kg3 b3 0-1

[Event "Regionalliga NO 0708"]
[Site "Bayern"]
[Date "2007.12.09"]
[Round "4.6"]
[White "Schwirzer, Christoph"]
[Black "Moroz, Grigorij"]
[Result "1/2-1/2"]
[WhiteElo "1805"]
[BlackElo "1922"]
[PlyCount "43"]
[EventDate "2007.10.21"]
[EventType "team-tourn"]
[EventRounds "9"]
[EventCountry "GER"]
[SourceTitle "EXT 2009"]
[Source "ChessBase"]
[SourceDate "2008.11.26"]
[SourceVersion "1"]
[SourceVersionDate "2008.11.26"]
[SourceQuality "1"]
[WhiteTeam "Gunzenhausen"]
[BlackTeam "Weiden"]
[WhiteTeamCountry "GER"]
[BlackTeamCountry "GER"]

1. d4 d5 2. c4 e6 3. Nf3 Nf6 4. Bg5 Be7 5. Nc3 Nbd7 6. e3 0-0 7. Rc1 c6 8. Bd3 dxc4 9. Bxc4 Nd5 10. Bxe7 Qxe7 11. a3 Nxc3 12. Rxc3 e5 13. dxe5 Nxe5 14. Nxe5 Qxe5 15. 0-0 Bf5 16. Qb3 Qe7 17. Bd3 Bxd3 18. Rxd3 Rfd8 19. Rfd1 Rxd3 20. Qxd3 g6 21. h3 c5 22. Qb5 1/2-1/2

[Event "Oberpfalz-ch M1"]
[Site "Windischeschenbach"]
[Date "2007.04.03"]
[Round "7"]
[White "Weigert, Wilhelm"]
[Black "Moroz, Grigorij"]
[Result "1/2-1/2"]
[WhiteElo "1974"]
[BlackElo "1943"]
[PlyCount "120"]
[EventDate "2007.03.31"]
[EventType "swiss"]
[EventRounds "8"]
[EventCountry "GER"]
[SourceTitle "EXT 2022"]
[Source "ChessBase"]
[SourceDate "2021.10.06"]
[SourceVersion "1"]
[SourceVersionDate "2021.10.06"]
[SourceQuality "1"]

1. c4 e5 2. Nc3 Nf6 3. g3 d5 4. cxd5 Nxd5 5. Bg2 Nb6 6. Nf3 Nc6 7. d3 Be7 8. 0-0 0-0 9. Be3 Be6 10. a3 f5 11. b4 Bf6 12. Rc1 Nd4 13. Nd2 c6 14. b5 Nxb5 15. Nxb5 cxb5 16. Bxb7 Rb8 17. Bg2 a6 18. Rc6 Bf7 19. Qc2 Be8 20. Rc5 Bh5 21. Nb3 Na4 22. Rc6 Rc8 23. Rc1 Rxc6 24. Bxc6 Qd6 25. Bb7 f4 26. Bc5 Nxc5 27. Nxc5 fxg3 28. hxg3 Be7 29. Qb2 Qb6 30. Qxe5 Bxc5 31. Qxc5 Qxc5 32. Rxc5 Bxe2 33. Bxa6 Bxd3 34. Bxb5 Rd8 35. a4 Bxb5 36. Rxb5 Rd1+ 37. Kg2 Ra1 38. Ra5 Ra3 39. f4 h6 40. Ra7 Kh7 41. f5 Kg8 42. Kh3 Kh8 43. Kh4 h5 44. a5 Kg8 45. a6 Kh8 46. Ra8+ Kh7 47. a7 Ra5 48. Kg5 g6 49. Rf8 Rxa7 50. fxg6+ Kg7 51. Rf5 Ra3 52. Rf7+ Kg8 53. Kh6 Ra5 54. Rb7 Ra8 55. Kxh5 Ra1 56. Kh6 Rh1+ 57. Kg5 Rg1 58. g4 Rg2 59. Re7 Rg1 60. Re5 Kg7 1/2-1/2

[Event "Oberpfalz-ch M1"]
[Site "Windischeschenbach"]
[Date "2007.03.31"]
[Round "1"]
[White "Wiesgickl, Gerhard"]
[Black "Moroz, Grigorij"]
[Result "0-1"]
[WhiteElo "2139"]
[BlackElo "1943"]
[PlyCount "84"]
[EventDate "2007.03.31"]
[EventType "swiss"]
[EventRounds "8"]
[EventCountry "GER"]
[SourceTitle "EXT 2022"]
[Source "ChessBase"]
[SourceDate "2021.10.06"]
[SourceVersion "1"]
[SourceVersionDate "2021.10.06"]
[SourceQuality "1"]

1. e4 d6 2. d4 Nf6 3. Nc3 g6 4. Nf3 Bg7 5. Be2 0-0 6. 0-0 Bg4 7. Re1 c6 8. a4 Bxf3 9. Bxf3 e5 10. d5 c5 11. Bg5 h6 12. Be3 Na6 13. Qd2 Kh7 14. Nb5 Ne8 15. g4 Nac7 16. g5 hxg5 17. Bxg5 Qd7 18. Ra3 f6 19. Nxc7 Nxc7 20. Bh4 Bh6 21. Qd1 f5 22. exf5 gxf5 23. Bg2 Qf7 24. Rh3 Rg8 25. Rg3 Bf4 26. Rh3 Kg7 27. Bg3 Bg5 28. c4 Rh8 29. Rxh8 Rxh8 30. h3 Ne8 31. Qf3 Qg6 32. Qb3 b6 33. Kh1 Nf6 34. Rf1 f4 35. Bh2 e4 36. f3 e3 37. Re1 Bh4 38. Rg1 Bf2 39. Bxf4 Rxh3+ 40. Bh2 Rxh2+ 41. Kxh2 Qg3+ 42. Kh1 Ng4 0-1

[Event "Regionalliga NO 0607"]
[Site "Bayern"]
[Date "2007.03.18"]
[Round "7.8"]
[White "Kordts, Florian"]
[Black "Moroz, Grigorij"]
[Result "1/2-1/2"]
[WhiteElo "1813"]
[BlackElo "1943"]
[PlyCount "115"]
[EventDate "2006.10.15"]
[EventType "team-tourn"]
[EventRounds "9"]
[EventCountry "GER"]
[SourceTitle "EXT 2008"]
[Source "ChessBase"]
[SourceDate "2007.11.25"]
[SourceVersion "1"]
[SourceVersionDate "2007.11.25"]
[SourceQuality "1"]
[WhiteTeam "Postbauer Heng"]
[BlackTeam "Weiden"]
[WhiteTeamCountry "GER"]
[BlackTeamCountry "GER"]

1. c4 e5 2. Nc3 Nf6 3. g3 d5 4. cxd5 Nxd5 5. Bg2 Nb6 6. Nf3 Nc6 7. 0-0 Be7 8. d3 0-0 9. a3 Be6 10. b4 a6 11. Bb2 f5 12. Rb1 Qd7 13. Nd2 Rab8 14. Nb3 Rfd8 15. Nc5 Bxc5 16. bxc5 Nd5 17. Qd2 Nde7 18. Qe3 Qd4 19. Nd5 Qxe3 20. Nxe7+ Nxe7 21. fxe3 Ng6 22. Bh3 Rd5 23. e4 Rxc5 24. exf5 Bd7 25. Rfc1 Rxc1+ 26. Rxc1 c6 27. Kg2 Ne7 28. e4 b6 29. Bxe5 Rc8 30. Bd6 Kf7 31. Rb1 b5 32. Rc1 Rd8 33. Bc7 Rc8 34. Bb6 Rb8 35. Be3 a5 36. Bd2 b4 37. axb4 axb4 38. Be3 b3 39. Rb1 Bc8 40. Bg4 Ba6 41. Be2 b2 42. Kf2 Rb3 43. d4 Bxe2 44. Kxe2 Nc8 45. Bd2 Nd6 46. Kd1 Nc4 47. Kc2 Rb7 48. Kc3 Na3 49. Rxb2 Nb1+ 50. Rxb1 Rxb1 51. Bf4 g6 52. fxg6+ hxg6 53. Kc4 Ke8 54. h4 Rg1 55. Kd3 Kd7 56. Ke2 Ke6 57. Kf3 Rh1 58. Be3 1/2-1/2

[Event "Oberpfalz-ch M1"]
[Site "Regensburg"]
[Date "2006.04.11"]
[Round "8.16"]
[White "Moroz, Grigorij"]
[Black "Riedl, Maximilian"]
[Result "0-1"]
[WhiteElo "1994"]
[BlackElo "1875"]
[PlyCount "66"]
[EventDate "2006.04.08"]
[EventType "swiss"]
[EventRounds "8"]
[EventCountry "GER"]
[SourceTitle "EXT 2022"]
[Source "ChessBase"]
[SourceDate "2021.10.06"]
[SourceVersion "1"]
[SourceVersionDate "2021.10.06"]
[SourceQuality "1"]

1. e4 c5 2. Nf3 Nf6 3. Nc3 Nc6 4. d4 d5 5. exd5 Nxd5 6. Ne4 cxd4 7. Nxd4 Qb6 8. Nxc6 Qxc6 9. c3 Bd7 10. Bd3 e6 11. 0-0 Be7 12. Qe2 Qc7 13. Bb5 Bc6 14. Bxc6+ Qxc6 15. c4 Nf6 16. Nxf6+ Bxf6 17. Bf4 0-0 18. Rad1 Rfd8 19. b3 h6 20. h3 Rac8 21. Rxd8+ Rxd8 22. Rd1 Rxd1+ 23. Qxd1 a6 24. Qd3 e5 25. Be3 e4 26. Qd1 Qe6 27. Bf4 Be7 28. Qe2 g5 29. Bc1 f5 30. f3 Bc5+ 31. Kh2 e3 32. Bb2 Qd6+ 33. Kg1 Qd1+ 0-1

[Event "Oberpfalz-ch M1"]
[Site "Regensburg"]
[Date "2006.04.10"]
[Round "5.16"]
[White "Moroz, Grigorij"]
[Black "Dirmeier, Matthias"]
[Result "1-0"]
[WhiteElo "1994"]
[BlackElo "1937"]
[PlyCount "101"]
[EventDate "2006.04.08"]
[EventType "swiss"]
[EventRounds "8"]
[EventCountry "GER"]
[SourceTitle "EXT 2022"]
[Source "ChessBase"]
[SourceDate "2021.10.06"]
[SourceVersion "1"]
[SourceVersionDate "2021.10.06"]
[SourceQuality "1"]

1. e4 d6 2. d4 Nf6 3. Nc3 g6 4. Be3 c6 5. Qd2 Nbd7 6. f3 b5 7. g4 Nb6 8. Bh6 Bxh6 9. Qxh6 Na4 10. Nxa4 bxa4 11. Qd2 Qb6 12. b3 axb3 13. axb3 h5 14. gxh5 Rxh5 15. Ne2 Nd7 16. Nf4 Rh7 17. Be2 a5 18. Qc3 Bb7 19. Bd3 Qb4 20. Qxb4 axb4 21. 0-0 Rxa1 22. Rxa1 Kd8 23. Ra7 Kc8 24. Be2 Kb8 25. Ra5 Kc7 26. Nd3 Kb6 27. Ra1 c5 28. dxc5+ dxc5 29. Rd1 Bc6 30. Nf4 e6 31. Ra1 Bb7 32. Nd3 Rh8 33. Nb2 Ra8 34. Rxa8 Bxa8 35. Kf2 g5 36. Kg3 Ne5 37. Nc4+ Nxc4 38. Bxc4 f5 39. exf5 exf5 40. Bd3 f4+ 41. Kg4 Kc7 42. Kxg5 Bxf3 43. Kxf4 Bd1 44. Ke5 Bh5 45. Kd5 Kb6 46. h4 Bf3+ 47. Ke5 Bd1 48. Bg6 c4 49. bxc4 b3 50. cxb3 Bxb3 51. Kd4 1-0

[Event "Landesliga Nord 0506"]
[Site "Bayern"]
[Date "2006.04.02"]
[Round "9.7"]
[White "Pesch, Werner"]
[Black "Moroz, Grigorij"]
[Result "1/2-1/2"]
[WhiteElo "2150"]
[BlackElo "1952"]
[PlyCount "48"]
[EventDate "2005.10.23"]
[EventType "team"]
[EventRounds "9"]
[EventCountry "GER"]
[SourceTitle "EXT 2007"]
[Source "ChessBase"]
[SourceDate "2006.11.23"]
[SourceVersion "1"]
[SourceVersionDate "2006.11.23"]
[SourceQuality "1"]

1. e4 d6 2. d4 Nf6 3. Nc3 g6 4. f3 c6 5. Be3 Nbd7 6. Nh3 b5 7. Qd2 Nb6 8. Nf2 Rb8 9. b3 Bg7 10. Bd3 Qc7 11. 0-0 0-0 12. Ne2 a6 13. Rac1 e5 14. c3 c5 15. Bh6 Bd7 16. Bxg7 Kxg7 17. f4 c4 18. Bc2 cxb3 19. axb3 Rfc8 20. Bd3 Be8 21. Ng3 h6 22. h4 Qe7 23. Be2 Rc7 24. h5 Rbc8 1/2-1/2

[Event "Landesliga Nord 0506"]
[Site "Bayern"]
[Date "2006.03.12"]
[Round "8.5"]
[White "Moroz, Grigorij"]
[Black "Berreth, Marc"]
[Result "1-0"]
[WhiteElo "1936"]
[BlackElo "2038"]
[PlyCount "81"]
[EventDate "2005.10.23"]
[EventType "team"]
[EventRounds "9"]
[EventCountry "GER"]
[SourceTitle "EXT 2007"]
[Source "ChessBase"]
[SourceDate "2006.11.23"]
[SourceVersion "1"]
[SourceVersionDate "2006.11.23"]
[SourceQuality "1"]

1. e4 c5 2. Nf3 g6 3. d4 cxd4 4. Nxd4 Nc6 5. Be3 Nf6 6. Nc3 Bg7 7. Nb3 0-0 8. Be2 a5 9. a4 d6 10. 0-0 Be6 11. f4 Bxb3 12. cxb3 Nb4 13. Bc4 e6 14. Qe2 d5 15. Rad1 Qe7 16. exd5 exd5 17. Nxd5 Nfxd5 18. Bxd5 Rfe8 19. Rfe1 Rac8 20. Bc4 Qf6 21. Rd2 Qf5 22. Qd1 Bf8 23. Rd7 Rxe3 24. Rxe3 Bc5 25. Rxf7 Bxe3+ 26. Kh1 Rxc4 27. Rxf5 Rc1 28. Qxc1 Bxc1 29. Rxa5 Bxf4 30. Rb5 Na6 31. Rxb7 Bd2 32. Rb6 Nc5 33. a5 Be3 34. b4 Nd3 35. Rb7 Nxb2 36. a6 Nd3 37. b5 Nf2+ 38. Kg1 Ne4+ 39. Kf1 Nd6 40. Rb8+ Kg7 41. b6 1-0

[Event "Regionalliga NO 0405"]
[Site "Bayern"]
[Date "2005.01.16"]
[Round "5.8"]
[White "Kappl, Peter"]
[Black "Moroz, Grigorij"]
[Result "1/2-1/2"]
[WhiteElo "1901"]
[BlackElo "1985"]
[PlyCount "96"]
[EventDate "2004.10.24"]
[EventType "team-tourn"]
[EventRounds "9"]
[EventCountry "GER"]
[SourceTitle "EXT 2007"]
[Source "ChessBase"]
[SourceDate "2006.11.23"]
[SourceVersion "1"]
[SourceVersionDate "2006.11.23"]
[SourceQuality "1"]
[WhiteTeam "Karethein"]
[BlackTeam "Weiden"]
[WhiteTeamCountry "GER"]
[BlackTeamCountry "GER"]

1. c4 e5 2. Nc3 Nf6 3. g3 d5 4. cxd5 Nxd5 5. Bg2 Nb6 6. Nf3 Nc6 7. 0-0 Be7 8. b3 0-0 9. Bb2 Bg4 10. Rc1 f5 11. d3 Qd7 12. Nb5 Bd6 13. Nxd6 cxd6 14. b4 Kh8 15. Qd2 Rac8 16. Rc2 Ne7 17. Rfc1 Na4 18. Ba1 b5 19. h3 Rxc2 20. Rxc2 Bh5 21. Ng5 h6 22. Nf3 Nb6 23. Qc1 Rc8 24. Kf1 Bf7 25. a3 Rxc2 26. Qxc2 Nbd5 27. Nd2 f4 28. g4 Be6 29. Ne4 Ng6 30. Ke1 Nh4 31. Bf1 f3 32. e3 Nf6 33. d4 Bd5 34. Nxf6 gxf6 35. dxe5 fxe5 36. Bd3 Qc6 37. Qxc6 Bxc6 38. Bc3 Kg7 39. Kd2 Ng6 40. Bf5 Ne7 41. Kd3 Kf6 42. e4 Nxf5 43. gxf5 d5 44. exd5 Bxd5 45. Bd2 h5 46. h4 Kxf5 47. Bh6 a6 48. Bg5 Bc6 1/2-1/2